LEADER 01435nam a2200325 u 4500 001 000000049435 003 CaOOAMICUS 005 20070226115118.0 008 000628s2000 it u000 u ita u 020 $a8880571052 035 $a10851281 040 $aPUL$bita 041 1 $aita$hger 100 1 $aBuber, Martin,$d1878-1965.$0(OLS)http://pul/name/5557 240 10$aBriefwechsel aus sieben Jahrzehnten (II: 1918-1938).$lItaliano.$0(OLS)http://pul/title/66664 245 13$aLa modernitā della Parola :$blettere scelte 1918-1938 /$cMartin Buber ; traduzione, introduzione e note di Francesca Albertini. 260 $aFirenze :$bGiuntina,$cc2000. 300 $a343 p. ;$c20 cm 490 1 $aCollana "Schulim Vogelmann" ;$v82 504 $a"Nota bibliografica": p. 319-325. 600 14$aBuber, Martin,$d1878-1965.$0(OLS)http://pul/subject/15918 700 1 $aAlbertini, Francesca.$0(OLS)http://pul/name/35757 830 0$aCollana "Schulim Vogelmann" ;$v82.$0(OLS)http://pul/title/59116 850 $aPUL 852 $aPUL$W1$xSL Religione 1$y3$m7.1.D.128$j65687$nBK-PRI$b $qStampati$B65687$CPULBib$Z2$F65687 $H $81 941 1 $a8 961 $aINV: 82356 996 $6020$a8880571052$9(OLS)http://pul/number/62449 996 $6245$aLa modernitā della Parola :$blettere scelte 1918-1938$9(OLS)http://pul/title/66665 996 $6260$aFirenze :$bGiuntina$9(OLS)http://pul/publisher/61176 LEADER 01325nam a2200289 a 4500 001 000000161238 003 CaOOAMICUS 005 20170609171341.0 008 170609s1977 it m 001 u lat r 032 $aLibriCat 040 $aPUL$bita 100 1 $aZupancic, Franc.$0(OLS)http://pul/name/103247 245 10$aAnalysis linguae experientialis s. Ignatii de Loyola in eius autobiographia /$cFranc Zupancic. 260 $aRoma :$b[s.n.],$c1977. 300 $a47 p. ;$c25 cm. 502 $aEstratto di Tesi-- Pontificia Universitā Gregoriana. Facultas Theologiae.1974. 504 $aBibliografia in nota a pič pagina. 600 04$aIgnatius Loyola,$cs.,$d1491-1556.$0(OLS)http://pul/subject/7052 710 2 $aPontificia Universitā Gregoriana.$bFacoltā di teologia.$kTesi.$0(OLS)http://pul/name/81592 850 $aPUL 852 $aPUL$W1$xDP1 Tesi Pon. Univ. Gregoriana$y40$mTH PUG 2604$j185201$qTesi$B188394$CPULBib$Z2$F188394 $H45033 $82 941 1 $a16 960 $aIgnatius,$cof Loyola, Saint$d1491-1556$97052 960 $aIgnazio di Loyola,$cs.,$d1491-1556$97052 996 $6245$aAnalysis linguae experientialis s. Ignatii de Loyola in eius autobiographia$9(OLS)http://pul/title/200961 996 $6260$aRoma :$b[s.n.]$9(OLS)http://pul/publisher/47958